Otvorené inovácie - nástroj zvyšovania inovačnej výkonnosti a inovatívnosti podnikateľských subjektov

Problematika efektívnosti inovačného procesu, pričom systém otvorených inovácií predstavuje novú koncepciu spolupráce firiem smerujúcu k zvýšeniu ich inovačnej výkonnosti, konkurencieschopnosti a kvality produkcie na trhu.

Salvato in:
Dettagli Bibliografici
Autore principale: Zaušková, Anna
Altri autori: Madleňák, Adam, Kusá, Alena
Natura: Capitolo di libro
Lingua:slovacco
Soggetti:
Tags: Aggiungi Tag
Nessun Tag, puoi essere il primo ad aggiungerne!!

MARC

LEADER 00000nla a2200000 4500
001 0161310
005 20221104124833.4
041 0 |a slo 
044 |a SK 
245 1 0 |a Otvorené inovácie - nástroj zvyšovania inovačnej výkonnosti a inovatívnosti podnikateľských subjektov  |c Anna Zaušková, Adam Madleňák, Alena Kusá 
520 |a Problematika efektívnosti inovačného procesu, pričom systém otvorených inovácií predstavuje novú koncepciu spolupráce firiem smerujúcu k zvýšeniu ich inovačnej výkonnosti, konkurencieschopnosti a kvality produkcie na trhu. 
610 2 0 |a inovácia 
610 2 0 |a objavy 
610 2 0 |a vývoj 
610 2 0 |a výskum 
610 2 0 |a transfer inovácií 
610 2 0 |a efektívnosť inovácií 
610 2 0 |a prostredie podnikateľské 
100 1 |a Zaušková, Anna 
700 1 |a Madleňák, Adam 
700 1 |a Kusá, Alena